LEADER 02076nam0 2200457 i 450 001 RMS1192008 005 20231121125809.0 010 $a8883341392 020 $aIT$b2005-8170 100 $a20050203d2004 ||||0itac50 ba 101 | $aita 102 $ait 181 1$6z01$ai $bxxxe 182 1$6z01$an 200 1 $a˜Il œsalterio a dieci corde$fGioacchino da Fiore 210 $aRoma$cViella$d2004 215 $aCIV, 197 p., [8] c. di tav.$d24 cm 225 | $aOpere di Gioacchino da Fiore$v16 300 $aTrad. di Fabio Troncarelli, rev. di Kurt-Victor Selge. 410 0$1001CFI0151269$12001 $aOpere di Gioacchino da Fiore$v16$171202$aCentro internazionale di studi gioachimiti$3CFIV042016 500 10$aPsalterium decem chordarum.$3CFI0639604$9CFIV017960$92587092 606 $aSalteri$2FIR$3RMLC313438$9I 676 $a231.044$9 TEOLOGIA DOTTRINALE CRISTIANA. CONCETTI G$v21 700 0$aIoachim : Florensis$3CFIV017960$4070$0181049 790 0$aJoachim : de Flore$3CFIV159041$zIoachim : Florensis 790 0$aJoachim$c $3CFIV159042$zIoachim : Florensis 790 0$aJoachimus$c $3CFIV159043$zIoachim : Florensis 790 0$aGioacchino : da Fiore$3CFIV166496$zIoachim : Florensis 790 0$aIoachim$c $3CFIV234024$zIoachim : Florensis 790 0$aGioachino : da Fiore$3RCAV055856$zIoachim : Florensis 790 1$aDa Fiore$b, Gioacchino$3RCAV055860$zIoachim : Florensis 801 3$aIT$bIT-01$c20050203 850 $aIT-RM0290 $aIT-RM0151 $aIT-FR0017 899 $aBIBLIOTECA ANGELICA$bRM0290 899 $aBiblioteca Istituto Storico Italiano Medio Evo - I$bRM0151 899 $aBiblioteca umanistica Giorgio Aprea$bFR0017 $eN 912 $aRMS1192008 950 0$aBiblioteca umanistica Giorgio Aprea$d 52SALA BRAGAS.S.L. 515$e 52COB0000908475 VMB RS $fA $h20170215$i20170215 977 $a 06$a 41$a 52 996 $aPsalterium decem chordarum$92587092 997 $aUNICAS LEADER 01025nam0 22002891i 450 001 UON00379931 005 20231205104522.131 100 $a20100408d1985 |0itac50 ba 101 $aita 102 $aIT 105 $a|||| ||||| 200 1 $aApocalittici e integrati$fUmberto Eco 205 $a5. ed 210 $aMilano$cBompiani$d1985 215 $aXV, 390 p.$cill.$d18 cm. 410 1$1001UON00171525$12001 $aTascabili Bompiani. Saggi$v27 606 $aCULTURA DI MASSA$3UONC059030$2FI 620 $aIT$dMilano$3UONL000005 676 $a302$cInterazione sociale$v21 700 1$aEco$bUmberto$3UONV060781$0318813 712 $aBompiani$3UONV246238$4650 801 $aIT$bSOL$c20250228$gRICA 899 $aSIBA - SISTEMA BIBLIOTECARIO DI ATENEO$2UONSI 912 $aUON00379931 950 $aSIBA - SISTEMA BIBLIOTECARIO DI ATENEO$dSI FS 03800 $eSI FP 2124 5 996 $aApocalittici e integrati$9131388 997 $aUNIOR